| 000 | 01922 a2200229 4500 | ||
|---|---|---|---|
| 003 | BJBSDDR | ||
| 005 | 20260310130849.0 | ||
| 007 | ta | ||
| 008 | 100326t2015 sp 00| 0 spa d | ||
| 020 | _a9788494381607 | ||
| 040 |
_bspa _cBJBSDDR |
||
| 041 | _aspa | ||
| 050 | _bR627c 2015 | ||
| 100 | 1 |
_aRizzo, Sergio, _d1956- _947420 |
|
| 245 | 1 | 3 |
_aLa casta : _bDe cm̤o los polt̕icos se volvieron intocables / _cSergio Rizzo, Gian A. Stella, |
| 260 |
_aMadrid : _bCapitǹ Swing, _c2015. |
||
| 300 |
_a311 pg̀ina ; _c23 cm. |
||
| 490 | _3Entreln̕eas (Capitǹ Swing) | ||
| 520 | _a | ||
| 942 |
_2lcc _cBK _n0 |
||
| 946 | _idpf | ||
| 999 |
_c126559 _d126559 |
||